Szczegóły MARC21

Dwa lata Ministerstwa Transportu : dokonania i zamierzenia.

003 -Nazwa inst., której nr kontr. jest w polu 001 [,]
    • @
    • Nazwa instytucji, której n kontrolny jest w polu 001
    • NUKAT
005 -DATA I CZAS OSTATNIEJ MODYFIKACJI [,]
    • @
    • pole kontrolne
    • 20241231111010.0
020 -Międzynarod. znormalizowany nr książki - ISBN [ , ]
    • a
    • Numer ISBN
    • 9788392636908 Find
040 -Instytucja sporządzająca opis [ , ]
    • a
    • Instytucja, która sporządziła opis (NP)
    • WA 14/MB
    • c
    • Instytucja, która sporządziła rekord (NP)
    • WA 14/MB
    • d
    • Instytucja, która zmodyfikowała rekord (P)
    • Ł U/TKs
942 -Rodzaj dokumentu [ , ]
    • c
    • Rodzaj dokumentu
    • Książka
245 -Strefa tytułu i oznaczenia odpowiedzialności [0,0]
    • a
    • Tytuł
    • Dwa lata Ministerstwa Transportu : Find
    • b
    • Ciąg dalszy tytułu (NP)
    • dokonania i zamierzenia. Find
260 -Strefa adresu wydawniczego [ , ]
    • a
    • Miejsce wydania (P)
    • Warszawa :
    • b
    • Nazwa wydawcy (P)
    • Ministerstwo Transportu. Biuro Informacji i Promocji,
    • c
    • Data wydania (P)
    • 2007.
300 -Strefa opisu fizycznego [ , ]
    • a
    • Określenie formy książki i/lub objętość (NP)
    • 40 s. :
    • b
    • Oznaczenie ilustracji (NP)
    • il. ;
    • c
    • Format (NP)
    • 24x24 cm.
336 -Typ zawartości [ , ]
    • a
    • Termin opisujący typ zawartości
    • Tekst
    • b
    • Kod określający zawartość
    • txt
    • 2
    • Źródło (terminu i kodu)
    • rdacontent
337 -Typ mediów [ , ]
    • a
    • Tryb odtwarzania
    • Bez urządzenia pośredniczącego
    • b
    • Kod typu mediów
    • n
    • 2
    • Źródło (terminu i kodu)
    • rdamedia
338 -Typ/rodzaj nośnika [ , ]
    • a
    • Hasło opisujące typ nośnika
    • Wolumin
    • b
    • Kod typu nośnika
    • nc
    • 2
    • Źródło (terminu i kodu)
    • rdacarrier
080 -Uniwersalna Klasyfikacja Dziesiętna [ , ]
    • 2
    • Identyfikator wydania tablic
    • UDC-P058
    • 9
    • UKD
    • 3668
    • a
    • Symbol klasyfikacji
    • 354
    • b
    • Dopowiedzenie
    • Administracja centralna. Władze i urzędy centralne. Ministerstwa. Centrum administracyjne.
    • 4
    • UKD2
    • 7642
    • x
    • Poddział wspólny
    • (438)
    • c
    • Dopowiedzenie poddz. wspólnego
    • (Polska).
    • 4
    • UKD2
    • 8220
    • x
    • Poddział wspólny
    • "20"
    • c
    • Dopowiedzenie poddz. wspólnego
    • Wiek XXI.
080 -Uniwersalna Klasyfikacja Dziesiętna [ , ]
    • 2
    • Identyfikator wydania tablic
    • UDC-P058
    • 9
    • UKD
    • 3645
    • a
    • Symbol klasyfikacji
    • 351.81
    • b
    • Dopowiedzenie
    • Nadzór nad komunikacją, łącznością i transportem. Ruch drogowy, kolejowy, lotniczy i wodny. Zarządzenia dotyczące ulic i mostów. Oświetlenie ulic. Sygnalizacja świetlna. Nadzór nad pojazdami. Kontrola stanu technicznego pojazdów. Służby ruchu lotniczego. Prawo pocztowe. Nadzór nad telekomunikacją
    • 4
    • UKD2
    • 7642
    • x
    • Poddział wspólny
    • (438)
    • c
    • Dopowiedzenie poddz. wspólnego
    • (Polska).
    • 4
    • UKD2
    • 8220
    • x
    • Poddział wspólny
    • "20"
    • c
    • Dopowiedzenie poddz. wspólnego
    • Wiek XXI.
610 -Hasło przedmiotowe w formie nazwy ciała zbiorowego [1,7]
    • a
    • Nazwa ciała zbiorowego lub nazwa geograficzna
    • Polska.
    • b
    • Nazwa jednostki podrzędnej
    • Ministerstwo Transportu
    • v
    • Określnik formalny
    • wydawnictwa informacyjne.
    • 2
    • Źródło terminu
    • kaba
    • 9
    • KHW
    • 673267
980 -Symbol UKD [ , ]
    • a
    • UKD
    • 354:351.81](438)"20"
920 -ISBN [ , ]
    • a
    • ISBN
    • 978-83-926369-0-8 Find
Status udost. Numer inwentarzowy Sygnatura Lokalizacja Data inwentaryzacji
-2E.71366 BE2008-06-05
2S.93191 BE2008-06-05
1Z.111098 BG2008-06-05
-2TM.5792TM.5792T2008-06-05
-2T.10106T.10106T2008-06-05